Hegel : reinterpretation, texts and company
Saved in:
| Main Author: | |
|---|---|
| Format: | Book |
| Language: | English |
| Published: |
New York :
Doubleday,
1965.
|
| Subjects: | |
| Tags: |
Add Tag
No Tags, Be the first to tag this record!
|
MARC
| LEADER | 00000cam a2200000 a 4500 | ||
|---|---|---|---|
| 001 | 1/110077 | ||
| 008 | 160226s1965####enk|||||||||||||| ||eng|| | ||
| 040 | |a GR-MyUa |b gre |c GR-MyUa |e AACR2 | ||
| 041 | 0 | |a eng | |
| 082 | 7 | |a 193 |2 (23) | |
| 100 | 1 | |a Kaufmann, Walter Arnold. | |
| 245 | 0 | 0 | |a Hegel : |b reinterpretation, texts and company / |c Walter Kaumann. |
| 260 | |a New York : |b Doubleday, |c 1965. | ||
| 300 | |a 498 σ. ; |c 20 εκ. | ||
| 600 | 0 | 0 | |a Hegel, Georg Wilhelm Friedrich, |d 1770-1831. |
| 852 | |a INST |b LESVOS |e 20160226 |h 193 KAU |p 005100057318 |q 005100057318 |t BK |y 0 | ||
| 970 | |a Καμάτσου |b Δέσποινα |z 26-02-2016 | ||